000 00918nam a2200253Ia 4500
003 GCL
008 140319s9999 xx 000 0 ara d
040 _aGCL /
_cGCL
082 0 4 _a792.028
_bل م
100 1 _aمحمد مهدى قناوى
245 1 0 _aالمظاهر المسرحية فى طقوس الزار الاثيوبية /
_cمحمد مهدى قناوى
700 1 _aليريس ، ميشيل
250 _aالاولى
260 _aالقاهرة :
_bالمجلس الاعلى للثقافة ،
_c2005
300 _a182 ص ؛
_c24 سم
490 _aالمشروع القومى للترجمة
_v946
650 0 4 _aالتمثيل فى المسرح
650 0 4 _aالممثلون والممثلات
650 0 4 _aالمسرح - نقد
650 0 4 _aالمسرح - اداء
650 0 4 _aالمسرح - افريقيا
650 0 4 _aالتمثيل فى المسرح - الزار
942 _2ddc
_cBK
999 _c8940
_d8940